书目信息 |
| 题名: |
中国历史文化名街文集
|
|
| 作者: | 江继兰 主编 ;中国历史文化名街评选推介组委会 , 中国文物学会历史文化名街专业委员会 编 | |
| 分册: | 专家卷 | |
| 出版信息: | 北京 中国青年出版社 2014 |
|
| 页数: | 299页 | |
| 开本: | 26cm | |
| 丛书名: | ||
| 单 册: | ||
| 中图分类: | K928.5-53 | |
| 科图分类: | ||
| 主题词: | 城市道路--中国--文集 | |
| 电子资源: | ||
| ISBN: | 978-7-5153-2366-4 | |
| 000 | 01198nam0 2200265 450 | |
| 001 | 339250 | |
| 005 | 20150608151815.64 | |
| 010 | @a978-7-5153-2366-4@dCNY128.00 | |
| 100 | @a20140913d2014 em y0chiy50 ea | |
| 101 | 0 | @achi |
| 102 | @aCN@b110000 | |
| 105 | @aa z 000yy | |
| 106 | @ar | |
| 200 | 1 | @a中国历史文化名街文集@Azhong guo li shi wen hua ming jie wen ji@i专家卷@f中国历史文化名街评选推介组委会, 中国文物学会历史文化名街专业委员会编 |
| 210 | @a北京@c中国青年出版社@d2014 | |
| 215 | @a299页@c照片, 图@d26cm | |
| 304 | @a主编:江继兰 | |
| 330 | @a历史文化街区是历史文化名城的有机组成部分。它既是活态的文化遗产, 又是广大民众日常生活的场所;既能展示出历史文化名城的风貌特色, 又能体现出名城的活力和文化传承。本书可以看做是中国历史文化名街评选推介活动发展脉络的一个梳理。 | |
| 606 | 0 | @a城市道路@y中国@j文集 |
| 690 | @aK928.5-53@v5 | |
| 701 | 0 | @a江继兰@Ajiang ji lan@4主编 |
| 712 | 02 | @a中国历史文化名街评选推介组委会@Azhong guo li shi wen hua ming jie ping xuan tui jie zu wei hui@4编 |
| 712 | 02 | @a中国文物学会历史文化名街专业委员会@Azhong guo wen wu xue hui li shi wen hua ming jie zhuan ye wei yuan hui@4编 |
| 801 | 0 | @aCN@b卓展宏图@c20150525 |
| 905 | @dK928.5-53@e845@f2 | |
| 中国历史文化名街文集.专家卷/中国历史文化名街评选推介组委会, 中国文物学会历史文化名街专业委员会编.-北京:中国青年出版社,2014 |
| 299页:照片, 图;26cm |
| ISBN 978-7-5153-2366-4:CNY128.00 |
| 历史文化街区是历史文化名城的有机组成部分。它既是活态的文化遗产, 又是广大民众日常生活的场所;既能展示出历史文化名城的风貌特色, 又能体现出名城的活力和文化传承。本书可以看做是中国历史文化名街评选推介活动发展脉络的一个梳理。 |
| ● |
| 相关链接 |
|
|
|
|
正题名:中国历史文化名街文集
索取号:K928.5-53/845
 
预约/预借
| 序号 | 登录号 | 条形码 | 馆藏地/架位号 | 状态 | 备注 |
| 1 | 864265 | 208642655 | 第二样本阅览室/ [索取号:K928.5-53/845] | 在馆 | |
| 2 | 864266 | 208642664 | 第二借阅区/ [索取号:K928.5-53/845] | 在馆 |